000 00283nam a22001097a 4500
008 170110b xxu||||| |||| 00| 0 eng d
020 _a9780397550913
041 _aeng
080 _a618.2
245 _aQUALITATIVE RESEARCH IN NURSING
_cSTREUBERT, H.J & CARPENTER, D.R
942 _2udc
_cBK
999 _c2651
_d2651